| 000 | 01502nam a2200481 i 4500 | ||
|---|---|---|---|
| 001 | 36564 | ||
| 003 | KOSZ 005 | ||
| 005 | 20200724135454.0 | ||
| 008 | 980713s1997 pl a f |000 0 pol d | ||
| 015 | _aUWD 1997/12259 | ||
| 020 | _a8385038272 | ||
| 035 | _a991005081789705066 | ||
| 035 | _a(PL-WaBN)b11333765-48omnis_nlop | ||
| 035 | _ab11333765 | ||
| 035 | _a(OCoLC)749932516 | ||
| 035 | _a(PL)b0000001133376 | ||
| 035 | _a(EXLNZ-48OMNIS_NETWORK)9910454243105606 | ||
| 040 |
_aWA N _cWA N _dKOSZ 005/HR |
||
| 046 | _k1997 | ||
| 080 | _a637.2/.3 | ||
| 080 | _a664.3 | ||
| 100 | 1 |
_aStaniewski, Bogusław _eAutor |
|
| 245 | 1 | 0 |
_aWyrób masła / _cBogusław Staniewski. |
| 260 |
_aWarszawa : _b"Hoża", _c1997. |
||
| 300 |
_a174, [2] s. : _bfot., rys., wykr. ; _c17 cm. |
||
| 336 |
_aTekst _btxt _2rdacontent |
||
| 337 |
_aBez urządzenia pośredniczącego _bn _2rdamedia |
||
| 338 |
_aWolumin _bnc _2rdacarrier |
||
| 380 | _aKsiążki | ||
| 380 | _aPublikacje fachowe | ||
| 388 | _a1901-2000 | ||
| 388 | _a1989-2000 | ||
| 490 | 1 | _aBiblioteczka Majstra Mleczarskiego | |
| 504 | _aBibliogr. s. 171-174. | ||
| 650 | 7 |
_aMasło _2DBN |
|
| 650 | 7 | _aMleczarstwo | |
| 650 | 7 | _aTechnologia żywności | |
| 658 | _aRolnictwo i leśnictwo | ||
| 830 | 0 | _aBiblioteczka Majstra Mleczarskiego | |
| 856 |
_uhttp://koha.tu.koszalin.pl/cgi-bin/koha/opac-detail.pl?biblionumber=36564 _yKatalog online BPK |
||
| 942 |
_2UKD _cKS |
||
| 999 |
_c36564 _d36564 |
||